[Event "XXIV Open"]
[Site "Cappelle La Grande FRA"]
[Date "2008.02.17"]
[Round "2"]
[White "Banusz, T."]
[Black "Oleksienko, M."]
[Result "1/2-1/2"]
[WhiteElo "2489"]
[BlackElo "2590"]
[PlyCount "59"]
[EventDate "2008.02.16"]
[Source "www.chesslib.no"]
[SourceDate "2004.05.04"]

1. Nf3 c5 2. c4 Nc6 3. d4 cxd4 4. Nxd4 Nf6 5. Nc3 e6 6. g3 Qb6 7. Nb3 Ne5 8. e4 Bb4 9. Qe2 d6 10. f4 Nc6 11. Be3 Bxc3+ 12. bxc3 Qc7 13. Bg2 b6 14. e5 dxe5 15. fxe5 Nd7 16. Nd4 Nxd4 17. cxd4 Bb7 18. Bxb7 Qxb7 19. O-O O-O 20. Qg4 Kh8 21. Rf2 f5 22. exf6 Nxf6 23. Raf1 Rfe8 24. Qh4 Qe4 25. Bg5 Qxh4 26. gxh4 Ne4 27. Rf7 Kg8 28. Rd7 Nxg5 29. hxg5 Red8 30. Rff7 1/2-1/2

[Event "ch-SRB"]
[Site "Mataruska Banja SRB"]
[Date "2008.03.28"]
[Round "13"]
[White "Drazic, S."]
[Black "Damljanovic, B."]
[Result "1/2-1/2"]
[WhiteElo "2489"]
[BlackElo "2582"]
[PlyCount "121"]
[EventDate "2008.03.15"]
[Source "www.chesslib.no"]
[SourceDate "2004.05.04"]

1. Nf3 c5 2. c4 Nc6 3. d4 cxd4 4. Nxd4 Nf6 5. Nc3 e6 6. g3 Qb6 7. Nb3 Ne5 8. e4 Bb4 9. Qe2 d6 10. f4 Nc6 11. Bd2 a5 12. Rc1 a4 13. Be3 Qd8 14. Nd2 a3 15. b3 Qa5 16. Qd3 O-O 17. Be2 Bxc3 18. Qxc3 Qxc3 19. Rxc3 Nb4 20. Kf2 Nxa2 21. Rd3 Nb4 22. Rxd6 Nc2 23. Bd4 Bd7 24. Rc1 Nxd4 25. Rxd4 Bc6 26. e5 Nd7 27. Ra1 a2 28. b4 Ra4 29. Bd1 Rxb4 30. Rxa2 f6 31. exf6 e5 32. fxe5 Nxe5 33. Ke3 Rxf6 34. Ra5 Re6 35. Rd8+ Kf7 36. Kd4 Nxc4 37. Nxc4 Re4+ 38. Kd3 Rexc4 39. Ra2 Ke7 40. Raa8 Be4+ 41. Ke3 Bg6 42. Rd2 Rc6 43. Rg8 Rf6 44. Rxg7+ Kf8 45. Rgd7 Re4+ 46. Kd3 Rc6 47. Rf2+ Ke8 48. Rd5 Ke7 49. Kd2 Bf7 50. Rb5 Rc7 51. Bc2 Rd7+ 52. Kc1 Re1+ 53. Kb2 Bg6 54. Bxg6 hxg6 55. Rb6 Re6 56. Rb5 b6 57. h4 Rd3 58. Rg5 Kd6 59. Rc2 Rd5 60. Rxd5+ Kxd5 61. Rh2 1/2-1/2

[Event "Berliner Sommer"]
[Site "Berlin"]
[Date "1995.??.??"]
[Round "8"]
[White "Teske, Henrik"]
[Black "Greenfeld, Alon"]
[Result "1/2-1/2"]
[WhiteElo "2500"]
[BlackElo "2570"]
[PlyCount "43"]
[EventDate "1995.08.??"]
[Source "ChessBase"]

1. d4 Nf6 2. c4 c5 3. Nf3 cxd4 4. Nxd4 Nc6 5. Nc3 e6 6. g3 Qb6 7. Ndb5 Ne5 8. Bg2 a6 9. Qa4 Bc5 10. O-O Rb8 11. b4 axb5 12. bxc5 bxa4 13. cxb6 Nxc4 14. Bf4 e5 15. Bg5 d6 16. Rab1 Be6 17. Rfc1 Nd7 18. Nb5 Ndxb6 19. Nxd6+ Nxd6 20. Rxb6 Nf5 21. Bc6+ Bd7 22. Rxb7 1/2-1/2

[Event "Ortigueira SPA"]
[Site "?"]
[Date "2005.08.17"]
[Round "6.1"]
[White "Franco Zenon"]
[Black "Oral Tomas"]
[Result "0-1"]
[WhiteElo "2526"]
[BlackElo "2535"]
[PlyCount "160"]
[EventDate "2005.??.??"]
[Source "www.chesslib.no"]
[SourceDate "2004.05.04"]

1. c4 c5 2. Nf3 Nc6 3. d4 cxd4 4. Nxd4 Nf6 5. Nc3 e6 6. g3 Qb6 7. Nb3 Ne5 8. e4 Bb4 9. Qe2 Qc6 10. Bd2 d6 11. f4 Ned7 12. Nd4 Qb6 13. O-O-O O-O 14. Bg2 e5 15. Nf5 Nc5 16. Nb5 Bxd2+ 17. Rxd2 Bxf5 18. exf5 exf4 19. Nxd6 Rad8 20. Rhd1 fxg3 21. hxg3 Rd7 22. g4 Rfd8 23. g5 Rxd6 24. Rxd6 Rxd6 25. gxf6 Rxd1+ 26. Kxd1 gxf6 27. Bd5 Qc7 28. b4 Na6 29. a3 Qd7 30. Kc1 b6 31. Qg4+ Kf8 32. Qf4 Nc7 33. Bf3 Qe7 34. Kc2 Qe5 35. Qh6+ Kg8 36. Qh5 Ne8 37. Qg4+ Kf8 38. Be4 h5 39. Qf3 h4 40. Bd3 Qg3 41. Qa8 h3 42. Be4 Qxa3 43. Bc6 Qe3 44. Qxa7 h2 45. Qa8 Qe5 46. Kb3 Qe1 47. c5 bxc5 48. bxc5 Kg7 49. Qb7 Qe5 50. Kc4 Nc7 51. Bh1 Qf4+ 52. Kb3 Qe3+ 53. Kc4 Qc1+ 54. Kb4 Na6+ 55. Kb5 Nxc5 56. Qg2+ Kf8 57. Qxh2 Nd7 58. Qd6+ Kg7 59. Qxd7 Qxh1 60. Kc4 Qc1+ 61. Kb3 Qc5 62. Qd3 Kh6 63. Qd7 Kg7 64. Qd3 Qb6+ 65. Kc2 Qc6+ 66. Kd1 Kh6 67. Qh3+ Kg5 68. Qh7 Qd7+ 69. Ke2 Qd5 70. Ke3 Qc4 71. Kd2 Qf4+ 72. Ke2 Qg4+ 73. Ke3 Qh5 74. Qg8+ Kxf5 75. Qc8+ Kg5 76. Qc5+ Kg6 77. Qc2+ Qf5 78. Qd1 Qe5+ 79. Kf2 Qh2+ 80. Ke3 Qg3+ 0-1

[Event "Chigorin Memorial"]
[Site "St. Petersburg"]
[Date "2004.10.23"]
[Round "8.8"]
[White "Shomoev, Anton"]
[Black "Bocharov, Dmitry"]
[Result "0-1"]
[WhiteElo "2486"]
[BlackElo "2574"]
[PlyCount "134"]
[EventDate "2004.10.15"]
[Source "Roberto Alvarez"]
[SourceDate "2004.11.08"]

1. c4 c5 2. Nf3 Nc6 3. d4 cxd4 4. Nxd4 e6 5. Nc3 Nf6 6. g3 Qb6 7. Nb3 Ne5 8. e4 Bb4 9. Qe2 d6 10. Bd2 O-O 11. O-O-O a5 12. f4 Ng6 13. Be3 Qa6 14. Nb5 a4 15. Nc7 Qc6 16. Nxa8 axb3 17. axb3 b5 18. Nb6 Bb7 19. Bg2 Bc5 20. Bxc5 Qxc5 21. e5 Bxg2 22. Qxg2 dxe5 23. Nd7 Nxd7 24. Rxd7 bxc4 25. bxc4 exf4 26. Qe4 Ne5 27. Rd2 f3 28. Kb1 Nxc4 29. Rc2 Rc8 30. Qd3 g5 31. Rhc1 Qd5 32. Rd1 Rc5 33. Qxd5 exd5 34. Rc3 g4 35. b3 Rb5 36. Kc2 Ne5 37. Rd4 h5 38. Kd2 Kg7 39. Ke3 Kf6 40. Ra4 Kf5 41. Rf4+ Ke6 42. Ra4 Rb6 43. Kf2 f6 44. Rf4 Rd6 45. Ke3 Nc6 46. Rc5 d4+ 47. Kd2 Ne5 48. b4 Ra6 49. b5 Ra2+ 50. Rc2 Ra5 51. Rxd4 Rxb5 52. Ra2 Rb6 53. Rf4 Rd6+ 54. Ke3 Rd3+ 55. Ke4 Rc3 56. Kd4 Rc6 57. Ke3 Nc4+ 58. Kd3 Nd6 59. Rfa4 Nb7 60. Kd4 Rd6+ 61. Ke3 Nc5 62. R4a3 Rd5 63. Rc2 Re5+ 64. Kd4 Ne4 65. Re3 f2 66. Rc6+ Kf5 67. Rc1 Nd2 0-1

[Event "ch-HU"]
[Site "ch-HU"]
[Date "1992.??.??"]
[Round "10"]
[White "Adorjan, Andras"]
[Black "Farago, Ivan"]
[Result "1/2-1/2"]
[WhiteElo "2550"]
[BlackElo "2510"]
[PlyCount "100"]
[EventDate "1992.??.??"]
[Source "www.chesslib.no"]
[SourceDate "2004.05.04"]

1. Nf3 Nf6 2. c4 c5 3. Nc3 Nc6 4. d4 cxd4 5. Nxd4 e6 6. g3 Qb6 7. Ndb5 Ne5 8. Bg2 a6 9. Qa4 Rb8 10. Be3 Bc5 11. Bxc5 Qxc5 12. Qa3 Qxa3 13. Nxa3 d6 14. f4 Nc6 15. O-O-O Ke7 16. Rd2 Nb4 17. Bf3 Bd7 18. Rhd1 d5 19. g4 Bc6 20. g5 Ne4 21. Rd4 Rbc8 22. Nab1 Nc5 23. cxd5 Nxa2+ 24. Kc2 Nxc3 25. Nxc3 exd5 26. Nxd5+ Bxd5 27. Rxd5 h6 28. b4 Ne6+ 29. Kb3 Rc7 30. gxh6 Rxh6 31. Re5 Rxh2 32. Rdd5 g6 33. Rc5 Rd7 34. Rcd5 Rc7 35. Rc5 Rd7 36. Rcd5 Rxd5 37. Bxd5 b6 38. Bb7 Kd6 39. Rd5+ Kc7 40. Bxa6 Nxf4 41. Rd2 Rh5 42. Bc4 f6 43. Rd4 Rf5 44. Ka4 g5 45. Bb5 Rd5 46. Rc4+ Kd6 47. Rc6+ Ke5 48. Rxb6 Rd8 49. Rb7 g4 50. Rg7 f5 1/2-1/2

[Event "CRO-chT2"]
[Site "Medulin"]
[Date "1997.??.??"]
[Round "?"]
[White "Delchev, Aleksander"]
[Black "Sax, Gyula"]
[Result "0-1"]
[WhiteElo "2515"]
[BlackElo "2545"]
[PlyCount "66"]
[EventDate "1997.??.??"]
[Source "www.chesslib.no"]
[SourceDate "2004.05.04"]

1. Nf3 Nf6 2. c4 c5 3. Nc3 Nc6 4. d4 cxd4 5. Nxd4 e6 6. g3 Qb6 7. Ndb5 Ne5 8. Bf4 Nfg4 9. e3 a6 10. h3 axb5 11. hxg4 Nxc4 12. Qb3 d5 13. Bxc4 dxc4 14. Qxb5+ Qxb5 15. Nxb5 Bb4+ 16. Ke2 Ra5 17. a4 Bd7 18. Bd6 Bxd6 19. Nxd6+ Ke7 20. Nxb7 Rd5 21. b4 cxb3 22. Rhb1 Rc8 23. Rxb3 Rc2+ 24. Kf3 Rdd2 25. Rf1 Bxa4 26. Rb4 Bc6+ 27. e4 f5 28. gxf5 exf5 29. Kf4 fxe4 30. Na5 Bd5 31. Rb5 Rxf2+ 32. Rxf2 Rxf2+ 33. Ke5 e3 0-1

[Event "Radenci op"]
[Site "Radenci"]
[Date "1998.??.??"]
[Round "?"]
[White "Delchev, Aleksander"]
[Black "Hulak, Krunoslav"]
[Result "1/2-1/2"]
[WhiteElo "2545"]
[BlackElo "2515"]
[PlyCount "69"]
[EventDate "1998.??.??"]
[Source "www.chesslib.no"]
[SourceDate "2004.05.04"]

1. Nf3 c5 2. c4 Nc6 3. d4 cxd4 4. Nxd4 Nf6 5. Nc3 e6 6. g3 Qb6 7. Ndb5 Ne5 8. Bg2 a6 9. Qa4 Nfg4 10. O-O Rb8 11. Na3 h5 12. Qb3 Qc7 13. Bf4 Be7 14. Ne4 b6 15. Qc3 f6 16. h3 Nh6 17. b4 Nhf7 18. c5 d5 19. cxd6 Qxc3 20. Nxc3 Bxd6 21. Rab1 g5 22. Be3 Bd7 23. f4 gxf4 24. gxf4 Ng6 25. Nc4 Bc7 26. Ne4 Bb5 27. f5 exf5 28. Nxf6+ Kf8 29. Na3 Bxe2 30. Nd7+ Kg8 31. Nxb8 Bxf1 32. Rxf1 Bxb8 33. Rxf5 Nh4 34. Rf6 Nxg2 35. Kxg2 1/2-1/2

[Event "Geneve op"]
[Site "Geneve"]
[Date "1999.01.24"]
[Round "2"]
[White "Tukmakov, Vladimir B"]
[Black "Cherniaev, Alexander"]
[Result "1/2-1/2"]
[WhiteElo "2581"]
[BlackElo "2466"]
[PlyCount "94"]
[EventDate "1999.01.23"]
[Source "ChessBase"]
[SourceDate "1999.03.01"]

1. Nf3 Nf6 2. c4 c5 3. Nc3 Nc6 4. d4 cxd4 5. Nxd4 e6 6. g3 Qb6 7. Nb3 Bb4 8. Bg2 d5 9. O-O dxc4 10. Be3 Qa6 11. Nc5 Qa5 12. Qd6 Ne7 13. Bxb7 Bxb7 14. Nxb7 Bxd6 15. Nxa5 Rc8 16. Nb5 Bb4 17. Nxa7 Bxa5 18. Nxc8 Nxc8 19. Rfc1 Nd6 20. Bc5 Nfe4 21. b4 Bc7 22. f3 Nxc5 23. bxc5 Nb7 24. Rxc4 Na5 25. Rc2 Ke7 26. c6 Rd8 27. Kf1 Rd6 28. Rac1 Kd8 29. Ke1 Kc8 30. Rd2 Rxc6 31. Rdc2 Kd7 32. Rxc6 Nxc6 33. Kd2 h5 34. a4 g6 35. Kd3 h4 36. gxh4 Bxh2 37. Kc4 Bg3 38. Rd1+ Kc7 39. Rh1 Kb6 40. h5 gxh5 41. Rxh5 Be1 42. Rh7 Ba5 43. f4 Nd8 44. e4 Kc6 45. Rh2 Nb7 46. e5 Bc7 47. Rh7 Nd8 1/2-1/2

[Event "Porz"]
[Site "Porz"]
[Date "1992.??.??"]
[Round "2"]
[White "Smejkal, Jan"]
[Black "Lau, Ralf"]
[Result "0-1"]
[WhiteElo "2525"]
[BlackElo "2520"]
[PlyCount "112"]
[EventDate "1992.08.??"]
[Source "ChessBase"]

1. Nf3 c5 2. c4 Nc6 3. d4 cxd4 4. Nxd4 Nf6 5. Nc3 e6 6. g3 Qb6 7. Nb3 Ne5 8. e4 Bb4 9. Qe2 d6 10. f4 Nc6 11. Be3 Bxc3+ 12. bxc3 Qc7 13. Bg2 O-O 14. c5 dxc5 15. Bxc5 Rd8 16. e5 Na5 17. Qb5 Nxb3 18. axb3 Bd7 19. Qc4 b5 20. Qd4 Bc6 21. Bd6 Bxg2 22. Bxc7 Rxd4 23. cxd4 Bxh1 24. exf6 gxf6 25. b4 a6 26. Rc1 Bd5 27. Rc5 Kg7 28. f5 Be4 29. fxe6 fxe6 30. Kd2 Bd5 31. Ke3 h5 32. Ba5 Kh6 33. Rc7 Bc4 34. Bb6 h4 35. gxh4 Rg8 36. Rf7 Kg6 37. Ra7 Rh8 38. Rxa6 Rxh4 39. Bc7 Kf5 40. Bb6 Rxh2 41. Ra7 Rh3+ 42. Kf2 Ke4 43. Rg7 Rf3+ 44. Kg2 Rb3 45. Bc5 f5 46. Rh7 Rb2+ 47. Kg1 Bd5 48. Rh4+ Kd3 49. Kf1 f4 50. Bd6 f3 51. Rh2 Rb1+ 52. Kf2 Kxd4 53. Rh4+ Be4 54. Bc5+ Kd3 55. Rg4 Rb2+ 56. Kf1 Bd5 0-1

[Event "It"]
[Site "It Kemerovo"]
[Date "1995.??.??"]
[Round "9"]
[White "Filippov, Valerij"]
[Black "Pigusov, Evgeny A"]
[Result "1-0"]
[WhiteElo "2455"]
[BlackElo "2590"]
[PlyCount "67"]
[EventDate "1995.??.??"]
[Source "www.chesslib.no"]
[SourceDate "2004.05.04"]

1. Nf3 Nf6 2. c4 c5 3. Nc3 Nc6 4. d4 cxd4 5. Nxd4 e6 6. g3 Qb6 7. Nb3 Ne5 8. e4 Bb4 9. Qe2 d6 10. f4 Nc6 11. Be3 Qc7 12. Bg2 b6 13. Rc1 Bb7 14. O-O Bxc3 15. Rxc3 Nd7 16. Rd1 Nc5 17. e5 Nxb3 18. exd6 Qd7 19. Rxb3 Na5 20. Bxb7 Nxb7 21. c5 Nxc5 22. Bxc5 bxc5 23. Qe4 O-O 24. Rb7 Qd8 25. d7 Qa5 26. Qc6 Qxa2 27. Qxc5 Qa6 28. Rxa7 Qe2 29. Qd4 Rad8 30. b4 e5 31. Rd2 Qe1+ 32. Kg2 Qb1 33. fxe5 Qc1 34. b5 1-0

[Event "SWE-chT 9900"]
[Site "Sweden"]
[Date "1999.??.??"]
[Round "3"]
[White "Agrest, Evgenij"]
[Black "Wedberg, Tom"]
[Result "1/2-1/2"]
[WhiteElo "2554"]
[BlackElo "2487"]
[PlyCount "67"]
[EventDate "1999.11.??"]
[Source "www.chesslib.no"]
[SourceDate "2004.05.04"]

1. c4 c5 2. Nf3 Nc6 3. d4 cxd4 4. Nxd4 e6 5. Nc3 Nf6 6. g3 Qb6 7. Ndb5 Ne5 8. Bg2 a6 9. Qa4 Rb8 10. Be3 Bc5 11. Bxc5 Qxc5 12. Qa3 b6 13. Nd6+ Ke7 14. Qxc5 bxc5 15. Nxc8+ Rhxc8 16. b3 g5 17. h3 h5 18. O-O-O d6 19. Rd2 Rd8 20. Rhd1 Rd7 21. Bh1 g4 22. h4 Rbd8 23. Na4 Rb8 24. Bg2 Rb4 25. Rc2 Rc7 26. Nc3 Rd7 27. Rcd2 Rb8 28. Kc2 Rbd8 29. Na4 Rb8 30. Kc1 Rb4 31. Rc2 Rc7 32. Nc3 Rd7 33. Kd2 Rb8 34. Kc1 1/2-1/2

[Event "Tel Aviv"]
[Site "Tel Aviv ISR"]
[Date "1995.??.??"]
[Round "?"]
[White "Soffer, Ram"]
[Black "Gruenfeld, Yehuda"]
[Result "0-1"]
[WhiteElo "2535"]
[BlackElo "2505"]
[PlyCount "70"]
[EventDate "1995.??.??"]
[Source "www.chesslib.no"]
[SourceDate "2004.05.04"]

1. c4 c5 2. Nf3 Nc6 3. Nc3 Nf6 4. d4 cxd4 5. Nxd4 e6 6. g3 Qb6 7. Ndb5 Ne5 8. Bg2 a6 9. Qa4 Nfg4 10. O-O Rb8 11. Na3 Bxa3 12. Qxa3 Nxc4 13. Qa4 Nge5 14. b3 Qd4 15. Bf4 Qxc3 16. Rac1 b5 17. Rxc3 bxa4 18. bxc4 f6 19. Re3 Rb2 20. Bxe5 fxe5 21. Ra1 Rc2 22. Rxe5 Rxc4 23. Ra5 Rf8 24. Bf1 Ke7 25. Rb1 g6 26. Rb2 Rf5 27. Rxf5 gxf5 28. e3 Rc3 29. Rb4 a3 30. Rc4 Rxc4 31. Bxc4 Kd6 32. Kf1 Kc5 33. Bb3 Kb4 34. Ke2 Kc3 35. f4 Bb7 0-1

[Event "Saint Petersburg RUS"]
[Site "?"]
[Date "2006.06.12"]
[Round "10"]
[White "Zacurdajev Mikhail"]
[Black "Alekseev Evgeny"]
[Result "0-1"]
[WhiteElo "2400"]
[BlackElo "2640"]
[PlyCount "116"]
[EventDate "2006.??.??"]
[Source "www.chesslib.no"]
[SourceDate "2004.05.04"]

1. Nf3 c5 2. c4 Nc6 3. d4 cxd4 4. Nxd4 e6 5. Nc3 Nf6 6. g3 Qb6 7. Ndb5 Ne5 8. Bg2 a6 9. Qa4 Rb8 10. Be3 Bc5 11. Bxc5 Qxc5 12. Qa3 Qxa3 13. Nxa3 g5 14. h3 b6 15. O-O-O Ke7 16. b3 Bb7 17. Bxb7 Rxb7 18. Kb2 Rc8 19. Rd2 Rc5 20. Rd4 Nc6 21. Rd3 b5 22. cxb5 axb5 23. Nc2 b4 24. Na4 Re5 25. Re1 Ne4 26. Rf3 f5 27. Rd1 h5 28. a3 g4 29. hxg4 hxg4 30. Rf4 bxa3+ 31. Kxa3 Ng5 32. Nc3 Nh3 33. b4 Rc7 34. Kb3 Kd8 35. Kb2 Ne7 36. Nd4 Rb7 37. Ka3 Ke8 38. e3 Nd5 39. Ndb5 Ke7 40. Ka4 Ndxf4 41. exf4 Rexb5 42. Nxb5 Nxf2 43. Rb1 Ne4 44. Rb3 Rb8 45. Ka5 Kd8 46. Rd3 Rc8 47. Ka6 Rc1 48. Ka7 Rc4 49. Nd4 Kc8 50. b5 Nxg3 51. Nxe6 dxe6 52. Rxg3 Rxf4 53. Rc3+ Kd7 54. Rd3+ Ke7 55. Rb3 Ra4+ 56. Kb7 f4 57. b6 g3 58. Kc6 Rc4+ 0-1

[Event "Capablanca mem Elite"]
[Site "Havana"]
[Date "2004.05.08"]
[Round "3"]
[White "Ikonnikov, Vyacheslav"]
[Black "Gonzalez, Yuri"]
[Result "1-0"]
[WhiteElo "2556"]
[BlackElo "2481"]
[PlyCount "53"]
[EventDate "2004.05.06"]
[Source "Roberto Alvarez"]
[SourceDate "2004.05.24"]

1. c4 c5 2. Nf3 Nc6 3. d4 cxd4 4. Nxd4 Nf6 5. Nc3 e6 6. g3 Qb6 7. Nb3 Ne5 8. Bg2 Nxc4 9. e4 Bb4 10. Qe2 Qc7 11. O-O Bxc3 12. bxc3 d6 13. Nd2 Nxd2 14. Qxd2 O-O 15. Ba3 Rd8 16. Rad1 Ne8 17. e5 d5 18. Qd4 Bd7 19. Qb4 h6 20. Qf8+ Kh7 21. Be7 Rdc8 22. Qxf7 Qxe5 23. Rfe1 Qxc3 24. Bf1 Nc7 25. Bd3+ Kh8 26. Re3 Ba4 27. Qg6 1-0

[Event "Match \"]
[Site "?"]
[Date "1976.??.??"]
[Round "?"]
[White "Romanishin, Oleg M"]
[Black "Hulak, Krunoslav"]
[Result "1-0"]
[WhiteElo "2560"]
[BlackElo "2470"]
[PlyCount "73"]
[EventDate "1976.??.??"]
[Source "www.chesslib.no"]
[SourceDate "2004.05.04"]

1. d4 Nf6 2. c4 c5 3. Nf3 e6 4. Nc3 cxd4 5. Nxd4 Nc6 6. g3 Qb6 7. Nb3 Bb4 8. Bg2 Ne5 9. Be3 Qa6 10. c5 Nc4 11. Bc1 d5 12. cxd6 O-O 13. O-O Bxd6 14. Qd3 Rb8 15. a4 Ne5 16. Qd4 Rd8 17. Nb5 Nc6 18. Qc4 Be7 19. Be3 Nd5 20. Bc5 Bxc5 21. Nxc5 Qa5 22. Rfd1 a6 23. Nc3 Ndb4 24. Bxc6 Nxc6 25. b4 Qc7 26. Nxa6 bxa6 27. Qxc6 Qe7 28. Rxd8+ Qxd8 29. Rd1 Qe7 30. Ne4 Bb7 31. Qb6 h5 32. Nc5 h4 33. Rd7 Qf6 34. Rxb7 h3 35. Rxb8+ Kh7 36. Nb3 Qc3 37. Rh8+ 1-0

[Event "Budapest"]
[Site "?"]
[Date "1989.??.??"]
[Round "?"]
[White "Greenfeld, A."]
[Black "Tolnai, T."]
[Result "1/2-1/2"]
[WhiteElo "2550"]
[BlackElo "2480"]
[PlyCount "86"]
[EventDate "1989.??.??"]
[Source "ChessBase"]
[SourceDate "1989.01.01"]

1. Nf3 c5 2. c4 Nf6 3. Nc3 Nc6 4. d4 cxd4 5. Nxd4 e6 6. g3 Qb6 7. Nb3 Ne5 8. e4 Bb4 9. Qe2 d6 10. f4 Nc6 11. Bg2 O-O 12. Bd2 e5 13. f5 Nd4 14. Na4 Bxd2+ 15. Qxd2 Qa6 16. Nxd4 Qxc4 17. b3 Qxd4 18. Qxd4 exd4 19. O-O-O d5 20. Rxd4 dxe4 21. Rf1 Bd7 22. Bxe4 Rac8+ 23. Kb2 Bb5 24. Rfd1 Nxe4 25. Rxe4 Rfe8 26. Nc3 Rxe4 27. Nxe4 Bc6 28. Nc3 f6 29. a4 a5 30. Nb5 Re8 31. Nd4 Rd8 32. Kc3 Kf7 33. Re1 Bd7 34. Kc4 b6 35. g4 h5 36. h3 hxg4 37. hxg4 g6 38. Rh1 gxf5 39. gxf5 Rc8+ 40. Kd3 Rc5 41. Rh7+ Ke8 42. Ke4 Re5+ 43. Kf4 Rd5 1/2-1/2

[Event "Ch team"]
[Site "Ch Hungary team"]
[Date "1985.??.??"]
[Round "?"]
[White "Adorjan, Andras"]
[Black "Horvath, Jozsef"]
[Result "1-0"]
[WhiteElo "2565"]
[BlackElo "2465"]
[PlyCount "67"]
[EventDate "1985.??.??"]
[Source "www.chesslib.no"]
[SourceDate "2004.05.04"]

1. c4 c5 2. Nf3 Nf6 3. Nc3 Nc6 4. d4 cxd4 5. Nxd4 e6 6. g3 Qb6 7. Ndb5 Bc5 8. Nd6+ Ke7 9. Nde4 Nxe4 10. Nxe4 Bb4+ 11. Bd2 d5 12. cxd5 exd5 13. Nc3 Be6 14. Bg2 Rhd8 15. O-O Kf8 16. Na4 Qb5 17. Bxb4+ Qxb4 18. Rc1 Rac8 19. a3 Qe7 20. Nc5 Bf5 21. Qa4 Ne5 22. Qf4 Rxc5 23. Rxc5 Qxc5 24. Qxf5 Qd4 25. Qxh7 Qxb2 26. Rb1 Qxe2 27. Qh8+ Ke7 28. Qxg7 b6 29. Qg5+ Ke8 30. h4 Rd6 31. Rc1 Rc6 32. Bxd5 Rc2 33. Rxc2 Qd1+ 34. Kh2 1-0

[Event "AUT-chT2S 9900"]
[Site "?"]
[Date "2000.03.19"]
[Round "11.1"]
[White "Stohl Igor"]
[Black "Rogulj Branko"]
[Result "1/2-1/2"]
[WhiteElo "2600"]
[BlackElo "2427"]
[PlyCount "104"]
[EventDate "2000.??.??"]
[Source "www.chesslib.no"]
[SourceDate "2004.05.04"]

1. c4 c5 2. Nf3 Nf6 3. Nc3 Nc6 4. d4 cxd4 5. Nxd4 e6 6. g3 Qb6 7. Nb3 Ne5 8. e4 Bb4 9. Qc2 d6 10. Bd2 Bd7 11. f4 Ng6 12. Bg2 Bc6 13. O-O-O O-O-O 14. Kb1 a6 15. Rc1 Bxc3 16. Bxc3 Qc7 17. c5 Bb5 18. Qf2 d5 19. Ba5 Qe7 20. c6 bxc6 21. Bxd8 Rxd8 22. e5 Nd7 23. Bf1 Nb8 24. Na5 Qc7 25. Bxb5 axb5 26. Nxc6 Nxc6 27. Rxc6 Qxc6 28. Rc1 Qxc1+ 29. Kxc1 d4 30. Qf3 Rd5 31. Kd2 d3 32. Qe4 h6 33. Qb4 Kd7 34. b3 Ne7 35. a4 bxa4 36. bxa4 f6 37. a5 fxe5 38. fxe5 Rxe5 39. a6 Nc6 40. Qa4 Ra5 41. Qe4 Ra2+ 42. Kxd3 Rxa6 43. Qh7 Ra3+ 44. Kc4 Ra4+ 45. Kc5 Ra5+ 46. Kb6 Rg5 47. Qd3+ Rd5 48. Qc3 Ne5 49. Qc7+ Ke8 50. Qxg7 Nf7 51. Qf6 Rd6+ 52. Kc5 e5 1/2-1/2

[Event "Luzern"]
[Site "?"]
[Date "1989.??.??"]
[Round "?"]
[White "Christiansen, L."]
[Black "Tolnai, T."]
[Result "1-0"]
[WhiteElo "2555"]
[BlackElo "2470"]
[PlyCount "55"]
[EventDate "1989.??.??"]
[Source "ChessBase"]
[SourceDate "1989.07.01"]

1. c4 c5 2. Nf3 Nf6 3. Nc3 Nc6 4. d4 cxd4 5. Nxd4 e6 6. g3 Qb6 7. Ndb5 Bc5 8. Nd6+ Ke7 9. Nce4 Nxe4 10. Nxe4 Bb4+ 11. Bd2 d5 12. cxd5 exd5 13. Nc3 Be6 14. Bg2 Rhd8 15. O-O Kf8 16. Na4 Qa5 17. Bxb4+ Qxb4 18. Rc1 Qe7 19. Nc5 Rac8 20. Qa4 a6 21. Rfd1 Ne5 22. Qd4 Nc4 23. Nd3 Kg8 24. Nf4 h6 25. Bxd5 Bxd5 26. Nxd5 Qxe2 27. Re1 Nd2 28. Nf6+ 1-0

[Event "Jack Speigel Memorial"]
[Site "Southend ENG"]
[Date "2008.03.24"]
[Round "7"]
[White "Wells, P."]
[Black "Emms, J."]
[Result "1-0"]
[WhiteElo "2520"]
[BlackElo "2502"]
[PlyCount "81"]
[EventDate "2008.03.21"]
[Source "www.chesslib.no"]
[SourceDate "2004.05.04"]

1. Nf3 c5 2. c4 Nc6 3. d4 cxd4 4. Nxd4 Nf6 5. Nc3 e6 6. g3 Qb6 7. Nb3 Ne5 8. e4 Bb4 9. Qe2 d6 10. f4 Nc6 11. Be3 Qc7 12. Bg2 Bxc3+ 13. bxc3 e5 14. f5 b6 15. g4 Ba6 16. g5 Nd7 17. O-O Na5 18. Nxa5 bxa5 19. Rfd1 Nb6 20. Bxb6 axb6 21. Rab1 Bxc4 22. Qf2 b5 23. f6 g6 24. Rb2 Rd8 25. Rbd2 h6 26. h4 hxg5 27. hxg5 a4 28. Qe3 Rh4 29. Kf2 Rh8 30. Kg3 a3 31. Bh3 Kf8 32. Rh2 d5 33. Bg4 Rxh2 34. Kxh2 Kg8 35. Qh3 Qc5 36. Kg2 Bf1+ 37. Kxf1 Qc4+ 38. Be2 Qxe4 39. Qh6 Qf4+ 40. Kg2 Qe4+ 41. Bf3 1-0

[Event "It Harplinge SWE"]
[Site "?"]
[Date "1998.??.??"]
[Round "?"]
[White "Agrest, E."]
[Black "Wedberg, T."]
[Result "0-1"]
[WhiteElo "2545"]
[BlackElo "2475"]
[PlyCount "58"]
[EventDate "1998.??.??"]
[Source "www.chesslib.no"]
[SourceDate "2004.05.04"]

1. Nf3 c5 2. c4 Nc6 3. d4 cxd4 4. Nxd4 e6 5. Nc3 Nf6 6. g3 Qb6 7. Nb3 Ne5 8. e4 Bb4 9. Qe2 d6 10. Bd2 O-O 11. O-O-O Bd7 12. f4 Ng6 13. Bg2 Bc6 14. Rhf1 Rac8 15. g4 d5 16. Kb1 dxc4 17. Nd4 Qxd4 18. Be3 Nxf4 19. Rxf4 Qe5 20. g5 Qxg5 21. Qf2 Bxc3 22. bxc3 Ng4 23. Qg3 Qb5+ 24. Ka1 Nxe3 25. Qxe3 Rcd8 26. Rb1 Qe5 27. Bf1 b5 28. Rg4 f5 29. Rg5 Bxe4 0-1

[Event "Soviet Union"]
[Site "Soviet Union"]
[Date "1971.??.??"]
[Round "?"]
[White "Kholmov, Ratmir D"]
[Black "Razuvaev, Yuri S"]
[Result "1-0"]
[WhiteElo "2550"]
[BlackElo "2470"]
[PlyCount "73"]
[EventDate "1971.??.??"]
[Source "www.chesslib.no"]
[SourceDate "2004.05.04"]

1. c4 Nf6 2. Nc3 e6 3. Nf3 c5 4. d4 cxd4 5. Nxd4 Nc6 6. g3 Qb6 7. Nb3 Ne5 8. e4 Bb4 9. Qe2 d6 10. f4 Ng6 11. Bg2 O-O 12. Be3 Bxc3+ 13. bxc3 Qc7 14. O-O Bd7 15. c5 d5 16. e5 Ne4 17. Bd4 f5 18. exf6 Nxf6 19. c4 dxc4 20. Qxc4 Kh8 21. Rae1 Rae8 22. Be5 Nxe5 23. fxe5 Ng8 24. Qd3 Bc6 25. Qd6 Rxf1+ 26. Rxf1 Qc8 27. Bxc6 Qxc6 28. Qxc6 bxc6 29. Nd4 Ne7 30. Rb1 h6 31. Rb7 a5 32. a4 Kh7 33. Kg2 Kg6 34. Nxe6 Nd5 35. Rxg7+ Kf5 36. Nd4+ Kxe5 37. Nxc6+ 1-0

[Event "Marseille"]
[Site "Marseille"]
[Date "1986.??.??"]
[Round "?"]
[White "Smejkal, Jan"]
[Black "Cebalo, Miso"]
[Result "1-0"]
[WhiteElo "2540"]
[BlackElo "2475"]
[PlyCount "115"]
[EventDate "1986.07.??"]
[Source "www.chesslib.no"]
[SourceDate "2004.05.04"]

1. c4 c5 2. Nf3 Nc6 3. d4 cxd4 4. Nxd4 Nf6 5. Nc3 e6 6. g3 Qb6 7. Nb3 d5 8. cxd5 Nxd5 9. Nxd5 exd5 10. Bg2 Bb4+ 11. Bd2 Bg4 12. O-O Rd8 13. Bxb4 Qxb4 14. Qc2 O-O 15. Rfd1 Qc4 16. Rd2 Rfe8 17. e3 g6 18. Rc1 Ne5 19. Rxd5 Qa6 20. Rxd8 Rxd8 21. h3 Bf3 22. Qc7 Re8 23. Nd4 Bxg2 24. Kxg2 Nd3 25. Qd7 Rf8 26. Rc7 Qxa2 27. Rxb7 Qb1 28. Qc6 a5 29. Qf6 Nc5 30. Rc7 Ne4 31. Qc6 Nd2 32. Qc1 Qxc1 33. Rxc1 Rb8 34. Rc2 Nb3 35. Kf3 Nxd4+ 36. exd4 Kf8 37. Ke4 Ke7 38. Ke5 f6+ 39. Kd5 Kd7 40. h4 Rb7 41. Rc5 Rxb2 42. Rxa5 Rxf2 43. Ra7+ Kc8 44. Rxh7 Rg2 45. Kc6 Rc2+ 46. Kd6 Rg2 47. Rc7+ Kb8 48. Rc3 Re2 49. d5 f5 50. Kd7 Re4 51. Rf3 Rg4 52. d6 f4 53. gxf4 Rxh4 54. Kc6 Rh1 55. Rb3+ Ka7 56. Ra3+ Kb8 57. Rb3+ Ka7 58. d7 1-0

[Event "Bern Open"]
[Site "Bern SUI"]
[Date "1995.??.??"]
[Round "8"]
[White "Suetin, Alexei S"]
[Black "Kindermann, Stefan E S"]
[Result "1-0"]
[WhiteElo "2430"]
[BlackElo "2585"]
[PlyCount "81"]
[EventDate "1995.02.??"]
[Source "www.chesslib.no"]
[SourceDate "2004.05.04"]

1. Nf3 Nf6 2. c4 c5 3. Nc3 Nc6 4. d4 cxd4 5. Nxd4 e6 6. g3 Qb6 7. Nb3 Ne5 8. e4 Bb4 9. Qe2 d6 10. f4 Nc6 11. Be3 Bxc3+ 12. bxc3 Qc7 13. Bg2 e5 14. O-O b6 15. a4 Ba6 16. Rfd1 O-O 17. f5 Nd7 18. Bf1 Rfd8 19. Qg4 f6 20. c5 Ndb8 21. cxd6 Rxd6 22. Bb5 Rxd1+ 23. Rxd1 Qf7 24. Nd2 Bxb5 25. axb5 Na5 26. Nc4 Nb7 27. Rd5 Nd7 28. Qd1 Nf8 29. Nd2 Rc8 30. c4 Nd7 31. Nb3 Rc7 32. Qd3 h6 33. Kg2 Qe7 34. Bf2 Kh7 35. h4 Nbc5 36. Bxc5 Nxc5 37. Nxc5 Rxc5 38. Rd7 Qe8 39. Rxa7 Qc8 40. Qd6 Kh8 41. Rf7 1-0